000 00415nam a2200169Ia 4500
005 20250508153307.0
008 008 250505s9999 xx 000 0 eng d
037 _aBooks to be hide in OPAC
040 _aFEDL
_beng
_cFEDL
041 _aeng
_2eng
084 _qFEDL
100 _aKeatinge
_931048
245 0 _aStudies in teaching of history
300 _a232p.
942 _cHB
999 _c1341802
_d1341802